000 00649nam a2200229Ia 4500
001 15663
003 GE_BSU
008 181216s||||||||xx |||||||||||||| ||und||
040 _cGE_BSU
080 _a821.353.1-1
100 _aცირამუა, ბადრი
245 _aლტოლვა
245 _bლექსები
245 _cრედ.ლ.მესხი. მხ.ლ.ფირცხალაიშვილი
260 _aთბილისი
260 _bმერანი
260 _c1986
300 _a44გვ. ; 16სმ.
653 _aლექსები
653 _aლტოლვა
942 _cBK
999 _c48762
_d48762